000 00314nam a2200121Ia 4500
008 191201s2014 xx 000 0 und d
100 _aBRUEGGE, Bernd
245 0 _aObject Oriented Software Engineering : Using UML
260 _aN. Delhi
_bPearson
_c2014
300 _a723
650 _aM.Tech(CSE)
942 _2ddc
_cBK
999 _c6230
_d6230